000 00858nam a2200217Ii 4500
003 JO-AjNU
008 230605s9999||||xx |||||||||||||| ||und||
017 _a1986/9/814
040 _aJO-AjNU
_bara
_erda
_cJO-AjNU
041 _aara
050 1 4 _aPJ6064.J8.D3322 1986
100 3 _aتاليف دهمان، أحمد علي,
_eauthor
_945356
245 0 0 _aالصورة البلاغية عند عبد القادر الجرجاني :منهجاً وتطبيق، ج1
250 _aط1
264 3 1 _aدمشق: دار طلاس للدراسات والترجمة والنشر، 1986
300 _aج1، 476ص
336 _atext
_btxt
_2rdacontent
337 _aunmediated
_bn
_2rdamedia
338 _avolume
_bnc
_2rdacarrier
650 4 _aالصورة البلاغية عند عبد القادر الجرجاني منهجاً وتطبيقاً -دهمان
_945357
999 _aA19654
_c23222
_d23222